[Event "II liga SSCS 2015- zapad"]
[Site "Ravni Gaj"]
[Date "2015.10.10"]
[Round "10.5"]
[White "Ivanovic, Zoran B"]
[Black "Paramentic, Mila"]
[Result "1-0"]
[WhiteElo "2027"]
[BlackElo "1915"]
[PlyCount "113"]
[EventDate "2015.09.04"]

1. e4 e5 2. Nf3 Nc6 3. Bb5 a6 4. Bxc6 dxc6 5. d4 exd4 6. Qxd4 Qxd4 7. Nxd4 c5
8. Ne2 Bd6 9. Bf4 Bxf4 10. Nxf4 Ne7 11. Nc3 Bd7 12. Nfd5 Nxd5 13. Nxd5 O-O-O
14. O-O-O Rhe8 15. Rhe1 Bc6 16. Nc3 Rxd1+ 17. Kxd1 Rd8+ 18. Kc1 b6 19. f3 Rd7
20. Rd1 Re7 21. Kd2 Re6 22. Ne2 Rh6 23. h3 Rg6 24. Nf4 Rd6+ 25. Ke1 Rf6 26. Ne2
Re6 27. Nf4 Re7 28. Kf2 Kb7 29. Rd8 Rd7 30. Rxd7 Bxd7 31. Nh5 Be6 32. a3 g6 33.
Nf4 Bd7 34. h4 h5 35. Ke3 Kc6 36. Nd5 Be6 37. Nf6 Kd6 38. Kf4 c6 39. g4 hxg4
40. fxg4 c4 41. c3 b5 42. h5 gxh5 43. gxh5 Ke7 44. Ke5 c5 45. h6 Kf8 46. Kd6 b4
47. Kxc5 bxa3 48. bxa3 Bh3 49. Kb6 Bg2 50. e5 Bf1 51. Kxa6 Bd3 52. Kb5 Ke7 53.
h7 Bxh7 54. Nxh7 Ke6 55. Ng5+ Kxe5 56. Nxf7+ Ke4 57. a4 1-0

[Event "II liga SSCS 2015- zapad"]
[Site "Ravni Gaj"]
[Date "2015.10.10"]
[Round "10.5"]
[White "Jovanovic, Stefan"]
[Black "Kozaicevski, Fedja"]
[Result "0-1"]
[WhiteElo "1593"]
[BlackElo "1965"]
[PlyCount "68"]
[EventDate "2015.09.04"]

1. e4 c5 2. Nf3 Nc6 3. Bc4 d6 4. d3 Nf6 5. O-O g6 6. c3 Bg7 7. Nbd2 O-O 8. Re1
a6 9. a4 Rb8 10. Nf1 b5 11. Bd5 Bb7 12. Bxc6 Bxc6 13. axb5 axb5 14. Ne3 b4 15.
Bd2 e6 16. Qc2 Qd7 17. Nc4 Rfd8 18. Rec1 b3 19. Qd1 Ng4 20. Bf4 e5 21. Bg3 f5
22. Qe2 f4 23. Bh4 Rf8 24. Nfd2 Nf6 25. Ra3 Nh5 26. Rxb3 Rxb3 27. Nxb3 f3 28.
Qe3 fxg2 29. Bg3 Nf4 30. d4 cxd4 31. cxd4 exd4 32. Qd2 Bh6 33. Bxf4 Bxf4 34.
Qxd4 Qh3 0-1